000 00663nam a2200217 a 4500
001 77270
003 BD-RjUL
005 20211209082943.0
008 200309s1954 caua b 001 0beng
035 _a(BD-RjUL)
040 _aDLC
_cDLC
_dBD-RjUL
_beng
041 _aeng
082 0 0 _a821.4
_223
_bYOJ 1954
100 _aYoung, Kenneth
_9193934
245 1 0 _aJohn Dryden :
_ba Critical biography /
_cKenneth Young
260 _alondon :
_bsylvan press,
_c1954
300 _avii, 240 p. :
_bill. ;
_c23 cm.
504 _aIncludes bibliographical references and index
600 1 0 _aDryden, John,
_d1631-1700
_xCriticism and interpretation.
_9240581
942 _2ddc
_cBK
999 _c77270
_d77270